00478 2200181 4500001002100000005001500021008004100036020002200077035001900099041000700118082001000125090001500135100002800150245002100178260002900199300004000228650002800268INLIS00000000002175220241224131128241224||||||||| | ||| |||| || |  a978-979-076-080-6 0010-1224021752 aid0 a635.6 a635.6 RI a0 aArief Prahasta Soedarya00aAgribisnis Melon aBandungbpustaka grafika a20,5x14,5 cm, xvi, 160 hlm.; ilus.: 0aPertanian -- Agribisnis